Statistics for First Countries Alphabetically (A-Z)

Click here to take the quiz!

General Stats

  • This quiz has been taken 685 times
    (604 since last reset)
  • The average score is 17 of 24

Answer Stats

LetterCountry% Correct
AAfghanistan
94%
QQatar
91%
YYemen
91%
OOman
90%
ZZambia
88%
HHaiti
85%
JJamaica
82%
LLaos
80%
BBahamas
78%
IIceland
78%
GGabon
77%
CCambodia
76%
VVanuatu
76%
UUganda
74%
KKazakhstan
72%
NNamibia
72%
PPakistan
70%
EEast Timor
68%
MMacedonia
57%
TTaiwan
54%
FFederated States of Micronesia
52%
DDemocratic Republic of the Congo
48%
SSt. Kitts & Nevis
48%
RRepublic of the Congo
29%

Score Distribution

Percentile by Number Answered

Percent of People with Each Score

Your Score History

You have not taken this quiz since the last reset